000 00723cab a2200229 4500
001 WB3429-34
008 090401t1998 xxu||||| |||| 00| 0 eng d
035 _a(Sirsi) u87672
041 _aeng
245 _aCanary Wharf rents shock
260 _c1998
350 _a0
490 _aSunday Business
_v26 July 1998, 4(1)
520 _aSeveral Canary Wharf tenants could have their rents doubled over the next two years, once rent levels are reviewed. Canary Wharf has appointed CB Hillier Parker to work on the reviews.
650 _aCANARY WHARF
650 _aDOCKLANDS
650 _aRENT INCREASES
650 _aRENT REVIEWS
690 _aLANDLORD AND TENANT-RENT REVIEWS
942 _n0
948 _c28/07/1998
999 _c55309
_d55309